LEADER 01081nam2-2200349---450- 001 990003421730203316 005 20100705102137.0 010 $a88-14-14510-5 035 $a000342173 035 $aUSA01000342173 035 $a(ALEPH)000342173USA01 035 $a000342173 100 $a20100705d2009----km-y0itay50------ba 101 $aita 102 $aIT 105 $a||||||||001yy 200 1 $aEconomia e strategia delle imprese farmaceutiche$fSilvia Bruzzi 210 $aMilano$cGiuffrè$d2009 215 $aXI, 138 p.$d24 cm 225 2 $aEconomia e gestione delle imprese 410 0$1001000315081$12001$aEconomia e gestione delle imprese 606 0 $aAziende farmaceutiche$xGestione$2BNCF 676 $a338.476151 700 1$aBRUZZI,$bSilvia$0374292 801 0$aIT$bsalbc$gISBD 912 $a990003421730203316 951 $aXXX.B. Coll. 46/ 11$b17727 E.C.$cXXX.B. Coll. 46/$d00280149 959 $aBK 969 $aECO 979 $aIANNONE$b90$c20100705$lUSA01$h1021 996 $aEconomia e strategia delle imprese farmaceutiche$9233782 997 $aUNISA LEADER 04324nam 22006495 450 001 9910483275703321 005 20200920033830.0 010 $a3-319-15913-5 010 $a3-319-15912-7 024 7 $a10.1007/978-3-319-15913-3 035 $a(CKB)2670000000618794 035 $a(EBL)2094456 035 $a(SSID)ssj0001501415 035 $a(PQKBManifestationID)11901913 035 $a(PQKBTitleCode)TC0001501415 035 $a(PQKBWorkID)11524528 035 $a(PQKB)10222402 035 $a(DE-He213)978-3-319-15913-3 035 $a(MiAaPQ)EBC2094456 035 $a(PPN)186025947 035 $a(EXLCZ)992670000000618794 100 $a20150523d2015 u| 0 101 0 $aeng 135 $aur|n|---||||| 181 $ctxt 182 $cc 183 $acr 200 10$aCopyright Perspectives $ePast, Present and Prospect /$fedited by Brian Fitzgerald, John Gilchrist 205 $a1st ed. 2015. 210 1$aCham :$cSpringer International Publishing :$cImprint: Springer,$d2015. 215 $a1 online resource (326 p.) 300 $aDescription based upon print version of record. 311 08$aPrinted edition: 9783319159126 327 $aForeword ? The Future of Copyright by Francis Gurry -- Address of  Victor Hugo to the International Literary Congress, Paris 1878 translation by Mary and Benedict Atkinson -- Limitless Information by Benedict Atkinson and Brian Fitzgerald -- Roman Law, Private Property and the  Public Domain: Lessons for Copyright Policy by Arthur Emmett -- Country of Origin and Internet Publication: Applying the Berne Convention in the Digital Age by Brian Fitzgerald, Sampsung Xiaoxiang Shi, Cheryl Foong and Kylie Pappalardo -- An Islamic Perspective on the Theories of Intellectual Property by Ezieddin Elmahjub -- IP and Development - A Road Map for Developing Countries in the 21st Century by Rami Olwan and Brian Fitzgerald -- Evolution and Future Trends of Copyright Law in Nigeria by Kunle Ola -- Copyright, Fair Use and the Australian Constitution by Kylie Pappalardo and Brian Fitzgerald -- The Crown Use of Copyright Material by John Gilchrist -- Open Content Licensing of Public Sector Information and the Risk of Tortious Liability for Australian Governments by Cheryl Foong -- Duty and Control in Intermediary Copyright Liability: An Australian Perspective by Kylie Pappalardo -- Time Shifting in a Networked Digital World: Optus TV and Copyright in the Cloud by Sampsung Xiaoxiang Shi -- The Development of Copyright Offences in Australia by Steven Gething -- Afterword ? Is Copyright Reform Impossible? by Ian Hargreaves. 330 $aThis book provides international and domestic perspectives on the law of copyright and is led by a foreword on the future of copyright by Dr Francis Gurry, Director General of WIPO and a chapter on the lessons for copyright policy in classical Roman law, by Justice Arthur Emmett. The body of this collection covers current perspectives in the digital age, from the application of the Berne Convention, to time shifting and intermediary copyright liability, as well as perspectives from developing and developed countries covering laws, user rights, open access, government use of copyright material and the use of the criminal law to proscribe copyright infringement. 606 $aMass media 606 $aLaw 606 $aConflict of laws 606 $aConflict of laws 606 $aIT Law, Media Law, Intellectual Property$3https://scigraph.springernature.com/ontologies/product-market-codes/R15009 606 $aPrivate International Law, International & Foreign Law, Comparative Law $3https://scigraph.springernature.com/ontologies/product-market-codes/R14002 615 0$aMass media. 615 0$aLaw. 615 0$aConflict of laws. 615 0$aConflict of laws. 615 14$aIT Law, Media Law, Intellectual Property. 615 24$aPrivate International Law, International & Foreign Law, Comparative Law . 676 $a340 676 $a340.2 676 $a340.9 676 $a343099 702 $aFitzGerald$b Brian$4edt$4http://id.loc.gov/vocabulary/relators/edt 702 $aGilchrist$b John$4edt$4http://id.loc.gov/vocabulary/relators/edt 906 $aBOOK 912 $a9910483275703321 996 $aCopyright Perspectives$92847018 997 $aUNINA